| 000 | 01406nam a2200337 a 4500 | ||
|---|---|---|---|
| 001 | 000042642 | ||
| 003 | DO-SdBNP | ||
| 005 | 20250207093241.0 | ||
| 007 | ta | ||
| 008 | 140203s2012 dr r 001 d spa d | ||
| 020 | _a9789945404876 | ||
| 040 |
_aDO-SdBNP _bspa _cBNPHU _erda |
||
| 082 | 4 |
_aRD862.508 _bM863t _222 |
|
| 100 | 1 |
_aMorla de la Rosa, Rafael Stalin, _eautor _4aut. _969915 |
|
| 245 | 1 | 3 |
_aLo tuyo es puro teatro / _cRafael Stalin Morla, Francisco Gerardino Paulino, Jorge Mendoza. |
| 264 | 1 |
_aSanto Domingo : _bEdiciones de Cultura, _c2012. |
|
| 300 |
_a159 páginas ; _c23 cm. |
||
| 336 |
_atexto _btxt _2rdacontent |
||
| 337 |
_asin mediación _bn _2rdamedia |
||
| 338 |
_avolumen _bnc _2rdacarrier |
||
| 500 | _aIncluye datos biográficos del autor en la solapa de la cubierta. | ||
| 505 | 0 |
_aEl apocalipsis según Pedro Machete / _rRafael Stalin Morla -- _tEl agente rojo-gris / _rFrancisco Gerardino Paulino -- _tTres y dos al teatro / _rJorge Mendoza. |
|
| 590 | _aInventariado, 2019/BT | ||
| 650 | 4 |
_aTeatro dominicano _xColecciones _921852 |
|
| 650 | 4 |
_aLiteratura dominicana. _967 |
|
| 700 | 1 |
_aGerardino Paulino, José Francisco, _eautor _4aut. _969916 |
|
| 700 | 1 |
_aMendoza, Jorge, _eautor _4aut. _969917 |
|
| 710 |
_aRepública Dominicana. _bMinisterio de Cultura. _bSistema Nacional de Creación Literaria. _969918 |
||
| 910 | _aValidado. Control de calidad. EMS | ||
| 942 |
_2ddc _cLBS1 |
||
| 999 |
_c42131 _d42131 |
||